| 000 | 01021nam a2200193 a 4500 | ||
|---|---|---|---|
| 001 | 53749 | ||
| 005 | 20180714044152.0 | ||
| 008 | 140415s1992 mx 000 0 spa d | ||
| 020 | _a9687024755 | ||
| 041 | _aspa | ||
| 082 |
_a338 _bDIA |
||
| 100 | 1 | _aDIAZ SERRANO, JORGE | |
| 245 | 1 | 3 | _aLA PRIVATIZACION DEL PETROLEO MEXICANO |
| 250 | _a1a ed. | ||
| 260 |
_aMEXICO : _bDIFUSION EDITORIAL, _c1992 |
||
| 300 |
_a620 _c13 x 1 x 21 |
||
| 520 | _aTOMÉ LA DECISIÓN DE HACER PÚBLICAS DE MIS IDEAS Y EXPERIENCIAS PORQUE CREO QUE PUEDEN SER ÚTILEZ Y PORQUE LOS PARTIDARIOS DE LAS VIEJAS POLITICAS ESTATIZANTES Y POPULISTAS QUE TANTO DAÑO LE HAN CAUSADO A NUESTRO PAÍS.Y ENTRE ESOS ABIERTOS ENEMIGOS DEL PROGRESO EL TEMA DEL PETRÓLEO OCUPA UN LUGAR DE PRIMERA IMPORTANCIA. UNOS QUISIERAN QUE ESTE RECURSO SIMPLEMENTE SE MANTUVIERA INTOCABLE.MÉXICO NECESITA DE CUANTIOSAS Y INVERSIONES DEL EXTERIOR. EN UN MUNDO COMO EL ACTUAL, DE GLOBALIZACIÓ | ||
| 650 | 1 | 4 |
_aPETROLEO _xPRIVATIZACION _xPETROLEO _xMEXICO |
| 999 |
_c53749 _d53749 |
||